Sports Quiz

Random Sports or NFL Quiz

NFL Salaries Quarterbacks (2011-2019) Quiz Stats

 Plays Quiz not verified by Sporcle

Support Sporcle.
Go Orange.
Score 0/45 Timer 20:00
0 Plays Today
Year Quarterback % Correct
2011Tom Brady
100%
2014Tom Brady
100%
2011Peyton Manning
99.1%
2012Peyton Manning
99.1%
2013Peyton Manning
99.1%
2015Eli Manning
99.1%
2012Drew Brees
98.7%
2016Drew Brees
98.7%
2018Drew Brees
98.7%
2011Cam Newton
98.2%
2012Andrew Luck
98.2%
2013Aaron Rodgers
98.2%
2013Matthew Stafford
98.2%
2014Matt Ryan
98.2%
2015Russell Wilson
98.2%
2015Cam Newton
98.2%
2016Andrew Luck
98.2%
2017Matthew Stafford
98.2%
2017Andrew Luck
98.2%
2017Cam Newton
98.2%
2018Aaron Rodgers
98.2%
2018Matt Ryan
98.2%
2019Matt Ryan
98.2%
Year Quarterback % Correct
2019Russell Wilson
98.2%
2019Matthew Stafford
98.2%
2015Ben Roethlisberger
97.8%
2015Philip Rivers
97.8%
2016Philip Rivers
97.8%
2017Derek Carr
97.8%
2019Ben Roethlisberger
97.8%
2013Tony Romo
97.3%
2014Alex Smith
97.3%
2018Alex Smith
97.3%
2013Joe Flacco
96.9%
2014Joe Flacco
96.9%
2016Joe Flacco
96.9%
2019Nick Foles
94.7%
2017Kirk Cousins
94.2%
2014Carson Palmer
93.8%
2012Matt Schaub
92.9%
2018Jimmy Garoppolo
92%
2012Robert Griffin
88.4%
2011Sam Bradford
88%
2011Michael Vick
84.9%
2016Brock Osweiler
82.2%

You're not logged in!

Compare scores with friends on all Sporcle quizzes.
OR
Log In

From the Vault

Match Game: Brand Mascots

by DIEGO1000

These mascots are just going to make someone hungry. Which we guess is the point.
Remove Ads.
Support Sporcle.
Get the best of Sporcle when you Go Orange. This ad-free experience offers more features, more stats, and more fun while also helping to support Sporcle. Thank you for becoming a member.

Show Comments

Extras

Created Feb 23, 2020ReportNominate
Tags:NFL Quiz

Top Quizzes Today


Score Distribution

Your Account Isn't Verified!

In order to create a playlist on Sporcle, you need to verify the email address you used during registration. Go to your Sporcle Settings to finish the process.

Report this User

Report this user for behavior that violates our Community Guidelines.

Details: